<?xml version="1.0" encoding="UTF-8"?>
<record
    xmlns:xsi="http://www.w3.org/2001/XMLSchema-instance"
    xsi:schemaLocation="http://www.loc.gov/MARC21/slim http://www.loc.gov/standards/marcxml/schema/MARC21slim.xsd"
    xmlns="http://www.loc.gov/MARC21/slim">

  <leader>00513nam a2200181Ia 4500</leader>
  <controlfield tag="008">230718s9999    xx            000 0 und d</controlfield>
  <datafield tag="020" ind1=" " ind2=" ">
    <subfield code="a">9789380501932</subfield>
  </datafield>
  <datafield tag="041" ind1=" " ind2=" ">
    <subfield code="a">eng</subfield>
  </datafield>
  <datafield tag="082" ind1=" " ind2=" ">
    <subfield code="a">004.6</subfield>
    <subfield code="b">PET</subfield>
  </datafield>
  <datafield tag="100" ind1=" " ind2=" ">
    <subfield code="a">Peterson L.L.</subfield>
    <subfield code="9">108584</subfield>
  </datafield>
  <datafield tag="245" ind1=" " ind2=" ">
    <subfield code="a">Computer Networks </subfield>
    <subfield code="b">A Systems  Approach</subfield>
  </datafield>
  <datafield tag="250" ind1=" " ind2=" ">
    <subfield code="a">5th ed.</subfield>
  </datafield>
  <datafield tag="260" ind1=" " ind2=" ">
    <subfield code="c">2012</subfield>
    <subfield code="b">MorganKaufmann/Elsevier</subfield>
  </datafield>
  <datafield tag="300" ind1=" " ind2=" ">
    <subfield code="a">884</subfield>
  </datafield>
  <datafield tag="365" ind1=" " ind2=" ">
    <subfield code="c">Rs.</subfield>
    <subfield code="b">425.00</subfield>
  </datafield>
  <datafield tag="700" ind1=" " ind2=" ">
    <subfield code="a">Peterson L.L. &amp; Davie B.S.</subfield>
    <subfield code="9">108585</subfield>
  </datafield>
  <datafield tag="906" ind1=" " ind2=" ">
    <subfield code="d">O:0255811-Feb-2012B:302002-Feb-2012</subfield>
    <subfield code="c">IT</subfield>
    <subfield code="b">212.5</subfield>
  </datafield>
  <datafield tag="999" ind1=" " ind2=" ">
    <subfield code="c">329926</subfield>
    <subfield code="d">329926</subfield>
  </datafield>
  <datafield tag="952" ind1=" " ind2=" ">
    <subfield code="0">0</subfield>
    <subfield code="1">0</subfield>
    <subfield code="4">0</subfield>
    <subfield code="7">0</subfield>
    <subfield code="a">CCEP</subfield>
    <subfield code="b">CCEP</subfield>
    <subfield code="d">2012-02-11</subfield>
    <subfield code="e">Om Book Stall</subfield>
    <subfield code="f">IT</subfield>
    <subfield code="g">318.75</subfield>
    <subfield code="i">3020</subfield>
    <subfield code="l">0</subfield>
    <subfield code="o">004.6</subfield>
    <subfield code="p">CCEP-BK-41133</subfield>
    <subfield code="r">2023-07-18 00:00:00</subfield>
    <subfield code="t">212.5</subfield>
    <subfield code="v">425.00</subfield>
    <subfield code="w">2012-02-02</subfield>
    <subfield code="y">BK</subfield>
    <subfield code="z">041133</subfield>
  </datafield>
</record>
